| 000 | 00747cam a2200229 a 4500 | ||
|---|---|---|---|
| 001 | 000016234 | ||
| 005 | 20200929164329.0 | ||
| 008 | 810505k19701972sp 000 0 spa d | ||
| 010 | _a80117879 | ||
| 015 | _aSp | ||
| 020 |
_a8430013091 : _c250ptas |
||
| 040 |
_aDO-SdBNP _cDLC _dDLC |
||
| 082 |
_a268 _bP222c |
||
| 100 | 1 |
_aParamo, Severiano del, _d1889- _936285 |
|
| 245 | 1 | 0 |
_aCultura biblica y religiosa / _cpor el P. Severiano del Paramo, S.J. ... |
| 260 |
_aComillas (Santander) : _bSeminario Pontificio, _c1970. |
||
| 300 |
_av. <10> ; _c22 cm. |
||
| 650 | 4 |
_aMesías _xEnseñanza biblica _936286 |
|
| 650 | 4 |
_aHijo del hombre _xEnseñanza biblica _936287 |
|
| 650 | 4 |
_aIglesia _xEnseñanza biblica _936288 |
|
| 910 | _aCatalogación derivada | ||
| 999 |
_c15772 _d15772 |
||